Sistema Internodal Universitario : diseño de articuladores entre sedes universitarias en el cantón de Montes de Oca, San José, Costa Rica
Guardat en:
| Autor principal: | |
|---|---|
| Altres autors: | |
| Format: | Llibre |
| Idioma: | Spanish |
| Publicat: |
[San José, Costa Rica]
2021.
|
| Matèries: | |
| Etiquetes: |
Afegir etiqueta
Sense etiquetes, Sigues el primer a etiquetar aquest registre!
|
MARC
| LEADER | 00000nam a2200000Ia 4500 | ||
|---|---|---|---|
| 003 | 013502 | ||
| 005 | 20230714100343.0 | ||
| 008 | 140116s2021 cr a 000 ||spa d | ||
| 040 | |c cru CEDI | ||
| 100 | |a Mesén Rosales, Siany Jazmín, 1994- |9 312 | ||
| 245 | |a Sistema Internodal Universitario : diseño de articuladores entre sedes universitarias en el cantón de Montes de Oca, San José, Costa Rica | ||
| 260 | |a [San José, Costa Rica] |c 2021. | ||
| 500 | |a Proyecto de graduación(licenciatura en arquitectura)--Universidad de Costa Rica. Facultad de Ingeniería. Escuela de Arquitectura | ||
| 501 | |a Director de Proyecto de Graduación: Lic. Johnny Pérez González | ||
| 610 | |x Universidad de Costa Rica | ||
| 650 | |x URBANISMO |x MOVILIDAD ESTUDIANTIL - DISEÑOS Y PLANOS |x DISEÑO URBANO |x TRANSPORTE PUBLICO |x DESARROLLO DE LA COMUNIDAD URBANA |x DISEÑO ARQUITECTONICO | ||
| 700 | |a Jiménez Romero, Diana María, 1972- |d Directora del TFG |9 238 | ||
| 942 | |c CEDI |h TFG 8653 |6 TFG_8653_000000000000000 | ||
| 999 | |c 22004 |d 22004 | ||
